Catalogue de la Bibliothèque de l'ENSA

Projections de populations à l'horizon 2030 (notice nᵒ 19489)

détails MARC
000 -LEADER
fixed length control field 00703nam a2200205Ia 4500
008 - FIXED-LENGTH DATA ELEMENTS--GENERAL INFORMATION
fixed length control field 160105s9999 xx 000 0 und d
041 ## - LANGUAGE CODE
Language code of text/sound track or separate title fre
110 ## - MAIN ENTRY--CORPORATE NAME
Corporate name or jurisdiction name as entry element Office national des statistiques. Direction technique chargée des statistiques de la population et de l'emploi
245 ## - TITLE STATEMENT
Title Projections de populations à l'horizon 2030
260 ## - PUBLICATION, DISTRIBUTION, ETC.
Place of publication, distribution, etc Alger
260 ## - PUBLICATION, DISTRIBUTION, ETC.
Name of publisher, distributor, etc ONS
260 ## - PUBLICATION, DISTRIBUTION, ETC.
Date of publication, distribution, etc 2004
300 ## - PHYSICAL DESCRIPTION
Other physical details ill.
300 ## - PHYSICAL DESCRIPTION
Dimensions 29 cm
490 ## - SERIES STATEMENT
Series statement Statistiques sociales
654 ## - SUBJECT ADDED ENTRY--FACETED TOPICAL TERM
General subdivision HABITAT/STATISTIQUE DEMOGRAPHIQUE/ALGERIE/AGGLOMERATION/RECENSEMENT DE LA POPULATION
942 ## - ADDED ENTRY ELEMENTS (KOHA)
Koha item type Ouvrage
994 ## -
-- 120119
Exemplaires
Withdrawn status Lost status Damaged status Use restrictions Not for loan Home library Current library Cost, normal purchase price Shelving control number Total Checkouts Total Renewals Total Holds Full call number Barcode Date last seen Date checked out Cost, replacement price Koha item type
          Bibliothèque Centrale Bibliothèque Centrale 0.00   1     BC_1396 66 BC_1396 66 07/11/2019 05/11/2019 0.00 Ouvrage

Adresse: Ecole Nationale Supérieure Agronomique Hassen Badi - El Harrach Alger, Algérie

Tél +213 (0) 23 82 85 07+213 (0) 23 82 85 12 Fax +213 23 82 85 03/04 Courriel: bibliotheque@edu.ensa.dz